000 03014cam0 2200505 ib4500
001 BY-NLB-br0001096133
005 20260402103606.0
010 ^a978-5-98156-546-5
100 ^a20140707d2013 m y0rusy50 ca
101 0 ^arus
102 ^aRU
105 ^ay z 000zy
109 ^ama
181 0 ^ai4
182 0 ^an
200 1 ^aА. Т. Твардовский. Смоленщина
^fсоставители, авторы статей В. В. Ильин, П. И. Привалов
203 ^aТекст
^cнепосредственный
210 ^d2013
215 ^a279 с.
327 0 ^aСодержание: циклы: "Я помню осиновый хутор" ; Из ранних стихотворений ; поэмы: Путь к социализму ; Путь Василия Петрова
345 ^9810 экз.
461 1 ^12001
^aСмоленская земля в памятниках русской словесности
^e[сборник
^fпод общей редакцией В. В. Ильина]
^vТ. 43, ч. 1
^1010
^a978-5-98156-366-9
^bв переплете
^1210
^aСмоленск
^cМаджента
^d2012—2013
^1215
^d22 см
464 0 ^12001
^aПуть к социализму
464 0 ^12001
^aПуть Василия Петрова
608 ^3BY-NLB-ar2658676
^aПУБЛИЦИСТИКА (лит. произведение)
^2BYGNR
608 ^3BY-NLB-ar45800
^aОЧЕРК
^2BYGNR
608 ^3BY-NLB-ar27475
^aРАССКАЗ
^2BYGNR
608 ^3BY-NLB-ar32087
^aСТИХОТВОРЕНИЕ
^2BYGNR
608 ^3BY-NLB-ar25016
^aПОЭМА (лит.)
^2BYGNR
686 ^a83.3(2Рос) + 84(2Рос)6-5
^2rubbk
690 ^a1
^2Base
^9BY-MI0000
^xRSEK
701 1 ^3BY-NLB-ar96051
^aТвардовский
^bА. Т.
^gАлександр Трифонович
^cпоэт
^f1910—1971
702 1 ^3BY-NLB-ar2674208
^aИльин
^bВ. В.
^gВиктор Васильевич
^cдоктор филологических наук
^fрод. 1929
^4220
^4570
^4340
702 1 ^3BY-SEK-ar7501805
^aПривалов
^bП. И.
^gПетр Иванович
^4220
^4570
801 0 ^aBY
^bBY-HM0000
^c20140707
^gpsbo
801 2 ^aBY
^bBY-MI0000
^c20260324
^gRCR
035 ^a(BY-MI0000)BY-NLB-br0001096133
899 0 ^aBY-MI0000
^iС511
^h83.3(2Рос)